Nové trendy a možnosti využitia marketingovej komunikácie v automobilovom priemysle diplomová práca

Guardado en:
Detalles Bibliográficos
Autor principal: Ralbovský, Andrej, 1991-
Autor Corporativo: Obchodná fakulta EU. Katedra marketingu
Otros Autores: Hasprová, Mária, 1970-
Formato: Libro
Lenguaje:eslovaco
Publicado: Bratislava 2015
Etiquetas: Agregar Etiqueta
Sin Etiquetas, Sea el primero en etiquetar este registro!

MARC

LEADER 00000nbm a2200000 4500
001 0203051
005 20170315090448.0
041 0 |a slo 
044 |a SK 
245 1 0 |a Nové trendy a možnosti využitia marketingovej komunikácie v automobilovom priemysle  |b diplomová práca  |c Andrej Ralbovský ; školiteľ: Mária Hasprová 
264 1 |a Bratislava  |c 2015 
300 |a 99 s. 
100 1 |a Ralbovský, Andrej, 1991- 
700 1 |a Hasprová, Mária, 1970- 
710 2 |a Obchodná fakulta EU. Katedra marketingu